000 01987cam a2200169 4500500
005 20260322012120.0
041 _afre
042 _adc
100 1 0 _aVázquez, Lydia
_eauthor
245 0 0 _aD. A. F. de Sade : une douce façon de faire le mal
260 _c2026.
500 _a17
520 _aSade subvertit le concept de « douceur », qualité éminemment féminine, comme l’atteste le siècle, à la suite de Rousseau, dont la Julie (La Nouvelle Héloïse) incarne « l’union touchante d’une sensibilité si vive et d’une inaltérable douceur ». Avec l’Histoire de Juliette (1801), renversement capital : Sade fait de la douceur naturelle féminine un instrument au service du libertinage, qui s’appuie sur cette « douce façon de faire le mal » pour pratiquer le vice « en douce » et en faire « une douce habitude ». La gradation s’impose comme un concept-clé, entre scènes violentes et douceurs raffinées, entraînant le lecteur à côtoyer l’abime, au fil d’une déconstruction radicale des stéréotypes idéologiques de l’Ancien Régime.
520 _aDe Sade subverts the concept of douceur, an eminently feminine quality, as reflected by the century and by Rousseau, whose Julie (The New Héloïse) embodies “the touching union of such intense sensitivity and an inalterable sweetness”. In Juliette (1801), de Sade turns the concept upside down, converting women’s natural douceur into an instrument of libertinism, which harnesses this “gentle way of doing evil” to surreptitiously engage in vice and turn it into a “a sweet habit”. Gradation is a key concept, from violent scenes to refined gentleness, taking readers to the edge of the abyss through a radical deconstruction of the ideological stereotypes of the Ancien Régime.
786 0 _nLittérature | 221 | 1 | 2026-03-04 | p. 96-110 | 0047-4800
856 4 1 _uhttps://shs.cairn.info/revue-litterature-2026-1-page-96?lang=fr&redirect-ssocas=7080
999 _c1770151
_d1770151